A multimodal analysis of character-character interaction in LGTB picture books and its educational implications (Record no. 193624)

MARC details
000 -LEADER
fixed length control field 01715nam a22001937a 4500
005 - DATE AND TIME OF LATEST TRANSACTION
control field 20241227123313.0
008 - FIXED-LENGTH DATA ELEMENTS--GENERAL INFORMATION
fixed length control field 241227b |||||||| |||| 00| 0 eng d
040 ## - CATALOGING SOURCE
Transcribing agency LDD
100 ## - MAIN ENTRY--PERSONAL NAME
Personal name Jesus, Arsenio
245 ## - TITLE STATEMENT
Title A multimodal analysis of character-character interaction in LGTB picture books and its educational implications
260 ## - PUBLICATION, DISTRIBUTION, ETC.
Place of publication, distribution, etc. Elsevier, 2024
300 ## - PHYSICAL DESCRIPTION
Other physical details p. 1-11
490 ## - Journal
Journal Journal Of Linguistics And Education
Volume/sequential designation Vol. 82
500 ## - GENERAL NOTE
General note This paper aims to identify the interpersonal strategies utilized by writers and illustrators to forge the interaction of characters in three LGTB picture books. The stories were selected because they foster progressive gender discourses, and still gain international recognition long after their first publication. The study is drawn on Halliday's (2004) Systemic Functional Linguistics and Kress & van Leeuwen's (2006) and Painter et al.’s (2013) Visual Social Semiotics. The findings show that the interaction between the characters in the stories is mainly achieved through eye contacts, eye-level angles, characters placed side by side and characters in proximity. The verbal text, however, plays a minor role in aligning the characters with each other. Certain educational implications emerge from this study. LGTB picture books, apart from providing teachers with reading material with which to practice both verbal and visual literacy, are also powerful ideological educational tools for fostering the acceptance of same-sex parent families.
650 ## - SUBJECT ADDED ENTRY--TOPICAL TERM
Topical term or geographic name entry element Character Interaction
700 ## - ADDED ENTRY--PERSONAL NAME
Personal name Guijarro, Moya
856 ## - ELECTRONIC LOCATION AND ACCESS
Link text click here to access online
Uniform Resource Identifier <a href="https://www.sciencedirect.com/science/article/pii/S0898589824000457">https://www.sciencedirect.com/science/article/pii/S0898589824000457</a>
942 ## - ADDED ENTRY ELEMENTS (KOHA)
Source of classification or shelving scheme Dewey Decimal Classification
Koha item type Article
Holdings
Date last seen Total checkouts Price effective from Koha item type Lost status Source of classification or shelving scheme Damaged status Not for loan Withdrawn status Home library Current library Date acquired
12/27/2024   12/27/2024 Article   Dewey Decimal Classification       Library and Documentation Division NCERT Library and Documentation Division NCERT 12/27/2024